Top 10 Biggest Italian Metropolitan Areas - Statistics

General Stats
  • This quiz has been taken 24 times
  • The average score is 9 of 10
Answer Stats
City Population % Correct
Milan 5,500,000
100%
Rome 3,500,000
100%
Florence 1,000,000
95%
Naples 4,100,000
95%
Palermo 1,200,000
95%
Turin 2,100,000
95%
Genoa 800,000
91%
Bologna 1,000,000
86%
Bari 1,300,000
82%
Catania 1,000,000
50%
No matching quizzes found
Score Distribution
Percent of People with Each Score
Percentile by Number Answered
Your Score History
You have not taken this quiz